000
00237nam a22000857a 4500
008
170603b xxu||||| |||| 00| 0 eng d
100
_9
3243
_a
Mumford. C
245
_a
The lost giant and bigger, biggest best
260
_a
New Delhi
_b
Parragon
_c
1999
999
_c
6557
_d
6557